000 00380nam a2200169Ia 4500
003 0STCL
008 150530s9999 xx 000 0 und d
040 _aSTCL
_cSTCL
100 _aBharathy Sharma
245 _aNavin Gadyaprakash
260 _bHindi Book Stall ; TVM
_c1970
300 _a0
546 _aHindi
942 _2ddc
_cBK
999 _c65323
_d65323
005 20220125171302.0